| 000 | 00384 a2200157 4500 | ||
|---|---|---|---|
| 001 | 181595 | ||
| 020 | _a | ||
| 040 | _cMagnum | ||
| 100 | _aCarroll, Jean | ||
| 240 | 1 | 0 |
_aOnde esta fuzzi ? historias dos animais da floresta _lpor |
| 245 | 1 | 0 | _aOnde esta fuzzi ? historias dos animais da floresta |
| 362 | 0 | _a1899 | |
| 440 | 1 | _aEko | |
| 697 | _aMAGNITO: IJ/ANIMAIS | ||
| 942 | _cBK | ||
| 999 |
_c181595 _d181595 |
||